000 00315nam a2200121Ia 4500
008 190216s9999||||xx |||||||||||||| ||und||
100 _aNaimuddin Siddiqui M
245 2 _aA Selection Of Short Stories
260 _bMac Millian And Com. Ltd
_c1965
300 _a138p
650 _aEnglish Short Stories
942 _cBK
999 _c11701
_d11701